Statistics for 90s BritPop

Click here to take the quiz!

General Stats

  • This quiz has been taken 1,847 times
  • The average score is 7 of 15

Answer Stats

HintAnswer% Correct
ParklifeBlur
97%
Slide AwayOasis
91%
Disco 2000Pulp
86%
The Drugs Don't WorkThe Verve
81%
The Beautiful OnesSuede
61%
Wake Up Boo RadleyBoo Radleys
49%
ConnectionElastica
46%
Ten Storey Love SongStone Roses
46%
Nancy BoyPlacebo
37%
She's a StarJames
34%
Ready to GoRepublica
31%
RegretNew Order
24%
Nice Guy EddieSleeper
21%
FasterManic Street Preachers
17%
LadykillersLush
16%

Score Distribution

Percentile by Number Answered

Percent of People with Each Score

Your Score History

You have not taken this quiz